000 00723nam a22002417a 4500
005 20140310183641.0
008 131216b xxu||||| |||| 00| 0 eng d
020 _a9715131867
050 _aRC 111
_b.Un61 2005
100 _aUntalan, Aaron Tuesca
245 _aComprehensive communicable disease nursing handbook (PUS-FILLED) /
_cAaron Tuesca Untalan.
260 _aErmita, Manila :
_bEducational Publishing House,
_c2005.
300 _a607 p. :
_c26 cm.
521 _aNUR
650 _aCommunicable disease
_xHandbooks, manuals, etc
650 _aNursing
_xHandbooks, mauals, etc
942 _2lcc
_cBK
_kLOC
999 _c25831
_d25831